zpět

Detail výsledku týmu

Pivárna, Sloup

Datum a čas kvízu

20 Celkem bodů Celkový počet nahraných bodů na tomto kvízu bez doplňovacích otázek.
6. Pořadí na kvízu Konečné umístění týmu na tomto kvízu.

Zaznamenané odpovědi

# Otázka Odpověď Body Výsledky
1. Podnikatel tuniského původu Fe... 0
2. Jak se jmenuje země, která ve... 0
3. Česká televize minulé pondělí... 1
4. V průzkumu britského magazínu... 1
5. Brankář třetiligového Burtonu... 1
6. Mezinárodní vesmírná stanice (... 0.5
7. V předchozí otázce bylo řečeno... 0
8. Standardní denní program posád... 0
9. Jak se jmenuje ruská kosmická... 1
10. První espresso kávovar, určený... 0